000 00464nam a2200169Ia 4500
003 GCL
008 140319s9999 xx 000 0 ara d
040 _aGCL /
_cGCL
082 0 4 _aفيديو
_b75
100 1 _aعادل امام (ممثل)
245 1 0 _aازواج طائشون /
_cعادل امام (ممثل)
260 _a[S.N] :
_bلا يوجد
490 _a
650 0 4 _aافلام سينمائية
650 0 4 _aشرائط فيديو
942 _2ddc
_cBK
999 _c33789
_d33789